01150 a2200349 4500502002400000260001500024653001400039100002400053041000700077260003100084300001400115245009200129650001500221650001200236650002200248650002700270650002900297650002400326650001900350650001100369260001700380300002900397130000700426710002600433040001400459651001200473041000700485100008900492651001000581520019100591020001800782 aThèse de Doctorat aWageningen1 aAgronomie aMANGO, Nelson A. R. bEn bUniversité de Wageningen axx-322 p. aHusbanding the land : agrarian development and socio-technical change in Luoland, Kenya aSOCIOLOGIE aSOCIETE aCHANGEMENT SOCIAL aDEVELOPPEMENT AGRICOLE aCHANGEMENT TECHNOLOGIQUE aPRODUCTION AGRICOLE aSOIL FERTILITY aMAÏS c20 mars 2002 bIll., Couv. ill. ; 24 cm lEn aWageningen University aSupport  aLuoland bEn uAbomey-Calavi, Université d'Abomey-Calavi, Faculté des Sciences Agronomiques, Bj aKENYA aThis study underlines that development processes and more particularly technological change essentially is non-linear. By focusing on two domains of agricultural production in Luoland... a90-5808-604-6